Statistics for European General Knowledge - Tile Select

Click here to take the quiz!

General Stats

  • This quiz has been taken 555 times
  • The average score is 41 of 48

Answer Stats

QuestionTileSelect% Correct
European CapitalsAthensYes
98%
European CapitalsCopenhagenYes
98%
European CapitalsAntwerpNo
97%
EU CountriesFranceYes
97%
EU CountriesGermanyYes
97%
Historical European PeopleLeonardo da VinciYes
97%
European CapitalsLisbonYes
97%
European CapitalsMilanNo
97%
EU CountriesNetherlandsYes
97%
Historical European PeopleGenghis KhanNo
96%
Historical European PeopleMartin Luther KingNo
96%
European CapitalsMunichNo
96%
Historical European PeopleNeil ArmstrongNo
96%
European CapitalsBarcelonaNo
95%
Historical European PeopleFidel CastroNo
95%
European CapitalsViennaYes
95%
European CapitalsSofiaYes
94%
European CapitalsBucharestYes
93%
Historical European PeoplePablo PicassoYes
93%
Historical European PeopleWinston ChurchillYes
93%
Historical European PeopleAlbert EinsteinYes
92%
Historical European PeopleChristopher ColumbusYes
92%
EU CountriesPolandYes
92%
European CapitalsZurichNo
91%
European CapitalsThe HagueNo
90%
European CapitalsRigaYes
89%
European CapitalsMinskYes
88%
Historical European PeopleIsaac NewtonYes
84%
Historical European PeopleCharles DarwinYes
83%
EU CountriesMoldovaNo
82%
European CapitalsTiranaYes
82%
EU CountriesSloveniaYes
81%
Historical European PeopleThomas EdisonNo
81%
Historical European PeopleSimón BolívarNo
80%
Historical European PeopleMartin LutherYes
77%
EU CountriesSwitzerlandNo
77%
European CapitalsBelfastNo
75%
EU CountriesRomaniaYes
75%
Historical European PeopleVasco da GamaYes
75%
EU CountriesLatviaYes
74%
EU CountriesMontenegroNo
74%
EU CountriesSan MarinoNo
69%
EU CountriesSerbiaNo
69%
EU CountriesNorwayNo
66%
EU CountriesLiechtensteinNo
59%
EU CountriesIcelandNo
56%
Historical European PeopleMother TeresaYes
55%
EU CountriesCyprusYes
49%

Score Distribution

Percentile by Number Answered

Percent of People with Each Score

Your Score History

You have not taken this quiz